LEADER 01305nam a2200313 u 4500 001 000000059232 003 CaOOAMICUS 005 20070226120758.0 008 010625s1985 it u000 u ita u 035 $a10893971 040 $aPUL(R)$bita 041 1 $aita$hger 100 1 $aLorenz, Konrad,$d1903-1989.$0(OLS)http://pul/name/39988 240 10$aWirkungsgefüge der Natur und das Schicksal des Menschen.$lItaliano.$0(OLS)http://pul/title/76505 245 10$aNatura e destino /$cKonrad Lorenz ; a cura e con introduzione di Iranäus Eibl-Eibelsfeldt. 260 $aMilano :$bMondadori,$c1985. 300 $a390 p. ;$c21 cm 490 1 $aSaggi 504 $aBibliografia: p. [377]-390. 650 4$aEvoluzione.$0(OLS)http://pul/subject/1620 650 4$aEtologia.$0(OLS)http://pul/subject/23123 700 1 $aEibl-Eibesfeldt, Irenäus,$d1928-$0(OLS)http://pul/name/39989 830 0$aSaggi (Mondadori).$0(OLS)http://pul/title/26238 850 $aPUL 852 $aPUL$W1$xSL Filosofia 2$y80$mPhil D4 56$j77263$nBK-PRI$b $qStampati altre collocazioni$B77263$CPULBib$Z2$F77263 $H $81 941 1 $a10 961 $aINV: 55637 996 $6245$aNatura e destino$9(OLS)http://pul/title/76506 996 $6260$aMilano :$bMondadori$9(OLS)http://pul/publisher/50297 LEADER 01135caa a2200217 u 4500 001 000000096110 003 CaOOAMICUS 005 20070226130145.0 008 040719s1980 enk u000 u eng u 020 $a0521222753 035 $a11004790 040 $aIAR$bita 100 1 $aTierney, Brian,$d1922-2019.$0(OLS)http://pul/name/410 245 10$aPublic expediency and latural law :$ba fourteenth-century discussion on the origins of government and property /$cBrian Tierney. 260 $aCambridge :$bCambridge University Press,$c1980. 300 $aS. 167-182, ;$c23 cm 773 0 $aAuthority and power : Studies on medieval law and government presented to Walter Ullmann on his 70th birthday. 773 0 $tAuthority and power : studies on medieval law and government presented to Walter Ullmann on his seventieth birthday$w()16292 996 $6020$a0521222753$9(OLS)http://pul/number/20823 996 $6245$aPublic expediency and latural law :$ba fourteenth-century discussion on the origins of government and property$9(OLS)http://pul/title/122986 996 $6260$aCambridge :$bCambridge University Press$9(OLS)http://pul/publisher/50125